000
00234nam a2200109Ia 4500
008
190216s9999||||xx |||||||||||||| ||und||
100
_a
Erich Segal
245
4
_a
The Class
260
_b
Bantam Books
650
_a
English
942
_c
BK
999
_c
13353
_d
13353